Statistics for Biggest 5 Cities in each US Time Zone

Click here to take the quiz!

General Stats

  • This quiz has been taken 110 times
  • The average score is 21 of 30

Answer Stats

Time ZonePopulationAnswer% Correct
Hawaii-Aleutian350,395Honolulu
99%
Pacific3,999,759Los Angeles
98%
Eastern8,622,698New York
97%
Pacific1,419,516San Diego
94%
Pacific884,363San Francisco
94%
Alaska291,826Anchorage
93%
Central2,716,450Chicago
93%
Central1,341,075Dallas
93%
Mountain704,621Denver
92%
Central2,312,717Houston
92%
Alaska31,275Juneau
92%
Eastern1,580,863Philadelphia
91%
Pacific724,745Seattle
88%
Mountain1,626,078*Phoenix
86%
Pacific1,035,317San José
84%
Central950,715Austin
76%
Central1,511,946San Antonio
74%
Alaska31,535Fairbanks
71%
Eastern892,062Jacksonville
70%
Eastern863,002Indianapolis
64%
Eastern879,170Columbus
63%
Mountain558,545Albuquerque
59%
Mountain535,677Tucson
57%
Mountain683,577El Paso
49%
Hawaii-Aleutian43,263Hilo
42%
Alaska8,881Sitka
20%
Alaska8,050Ketchikan
19%
Hawaii-Aleutian47,698Pearl City
18%
Hawaii-Aleutian49,914East Honolulu
14%
Hawaii-Aleutian38,635Kailua
13%

Score Distribution

Percentile by Number Answered

Percent of People with Each Score

Your Score History

You have not taken this quiz